| 000 | 00682nam a2200265 i 4500 | ||
|---|---|---|---|
| 001 | 23074 | ||
| 003 | ES-MaBCM | ||
| 005 | 20241016094349.0 | ||
| 008 | 871020s1984 fra 000 0 fre d | ||
| 020 | _a2-7042-1085-3 | ||
| 021 | _axx | ||
| 035 | _a(OCoLC)757392359 | ||
| 040 | _cES-MaBCM | ||
| 041 | 0 | _afre | |
| 043 | _afra | ||
| 080 | _a658.115(44) | ||
| 100 | 1 |
_aHafsi, Taieb _921068 |
|
| 245 | 1 | 0 |
_aEntreprise publique et politique industrielle _cTaieb Hafsi |
| 260 |
_aParis : _bMcGrawHill, _c1984 |
||
| 300 |
_aXIII, 158 p. _c25 cm |
||
| 440 | 0 |
_aStratégie et management _997376 |
|
| 650 | 2 | 7 |
_aEmpresa pública _958537 |
| 651 | 4 |
_aFrancia _9115364 |
|
| 942 | _cBK | ||
| 999 |
_c23074 _d23074 |
||